Take control of the Crown (Record no. 72330)

MARC details
000 -LEADER
fixed length control field 01440cam a2200253 4500
001 - CONTROL NUMBER
control field ABS66550
008 - FIXED-LENGTH DATA ELEMENTS--GENERAL INFORMATION
fixed length control field 030321n2003 000 0 eng u
035 ## - SYSTEM CONTROL NUMBER
System control number (Sirsi) u121708
100 ## - MAIN ENTRY--PERSONAL NAME
Personal name Castorina, G.
245 ## - TITLE STATEMENT
Title Take control of the Crown
260 ## - PUBLICATION, DISTRIBUTION, ETC.
Date of publication, distribution, etc. 2003
490 ## - SERIES STATEMENT
Series statement Estates Gazette
Volume/sequential designation (0310) 8 March 2003, 160(1)
520 ## - SUMMARY, ETC.
Summary, etc. Considers the issue of Crown immunity from planning control and argues for reform to the current system. Proposals to abolish Crown immunity were announced 10 years ago but have not been introduced to parliament. Therefore the general principle remains that development on Crown land, by or on behalf of the Crown, requires no planning permission or consent. Looks at the scope of the Town and Country Planning Act 1990 s299 in relation to land disposal and examines the informal consultation procedure with local planning authorities (LPAs) set out in DoE Circular 18/84. Argues that the increasing use of PFIs and PPPs further weakens the justification for Crown immunity and concludes that all government projects should be subject to the standard planning process.
590 ## - LOCAL NOTE (RLIN)
Local note ABS
650 ## - SUBJECT ADDED ENTRY--TOPICAL TERM
Topical term or geographic name entry element CROWN IMMUNITY
650 ## - SUBJECT ADDED ENTRY--TOPICAL TERM
Topical term or geographic name entry element CROWN DEVELOPMENT
650 ## - SUBJECT ADDED ENTRY--TOPICAL TERM
Topical term or geographic name entry element PLANNING CONTROL
650 ## - SUBJECT ADDED ENTRY--TOPICAL TERM
Topical term or geographic name entry element DOE CIRCULAR 18/1984
650 ## - SUBJECT ADDED ENTRY--TOPICAL TERM
Topical term or geographic name entry element PFI
650 ## - SUBJECT ADDED ENTRY--TOPICAL TERM
Topical term or geographic name entry element PUBLIC PRIVATE PARTNERSHIPS
650 ## - SUBJECT ADDED ENTRY--TOPICAL TERM
Topical term or geographic name entry element TOWN AND COUNTRY PLANNING ACT 1990 S299
690 ## - LOCAL SUBJECT ADDED ENTRY--TOPICAL TERM (OCLC, RLIN)
Topical term or geographic name as entry element Planning and development
9 (RLIN) 6259
942 ## - ADDED ENTRY ELEMENTS (KOHA)
Suppress in OPAC 0
Holdings
Withdrawn status Lost status Source of classification or shelving scheme Damaged status Not for loan Home library Current library Shelving location Date acquired Total Checkouts Full call number Barcode Date last seen Copy number Price effective from Koha item type
    Dewey Decimal Classification     London London Journal article 21/03/2003   ABS66550 121708-1001 06/08/2019 1 06/08/2019 Journal article